000
00261nam a2200109 a 4500
008
110419s1979|||| d
245
1
0
_a
Slovensko 4
_b
Kultúra - I. časť
260
_b
Obzor
_a
Bratislava
_c
1979
020
_c
120
041
_a
slo
044
_a
xo
_c
SK
999
_c
19133
_d
19133